La mosaïque / (Record no. 68667)

MARC details
000 -LEADER
campo de control de longitud fija 00627nam a22002175i 4500
001 - NÚMERO DE CONTROL
campo de control 68667
003 - IDENTIFICADOR DE NÚMERO DE CONTROL
campo de control ES-MaACL
005 - FECHA Y HORA DE LA ÚLTIMA TRANSACCIÓN
campo de control 20230906170330.0
007 - CAMPO FIJO DE DESCRIPCIÓN FÍSICA--INFORMACIÓN GENERAL
campo de control de longitud fija t|
008 - DATOS DE LONGITUD FIJA--INFORMACIÓN GENERAL
campo de control de longitud fija 960827s1881 fr a ||||1| fre d
040 ## - FUENTE DE CATALOGACIÓN
Centro catalogador/agencia de origen CAM
Lengua de catalogación spa
Centro/agencia transcriptor CAM
100 1# - ENTRADA PRINCIPAL--NOMBRE DE PERSONA
Nombre de persona Gerspach, Edouard.
9 (RLIN) 56502
245 13 - MENCIÓN DEL TÍTULO
Título La mosaïque /
Mención de responsabilidad, etc. par Gerspach.
260 ## - PUBLICACIÓN, DISTRIBUCIÓN, ETC.
Lugar de publicación, distribución, etc. Paris :
Nombre del editor, distribuidor, etc. A. Quantin,
Fecha de publicación, distribución, etc. [1881]
300 ## - DESCRIPCIÓN FÍSICA
Extensión 271 p. :
Otras características físicas il. ;
Dimensiones 21 cm.
490 1# - MENCIÓN DE SERIE
Mención de serie Bibliothèque de l'enseignement des beaux-arts
830 0# - PUNTO DE ACCESO ADICIONAL DE SERIE-TÍTULO UNIFORME
Título uniforme Bibliothèque de l'enseignement des beaux-arts
9 (RLIN) 181140
852 ## - LOCALIZACIÓN
Ubicación ES-MaACL
Número de control de estantería B-2556
852 ## - LOCALIZACIÓN
Ubicación ES-MaACL
Número de control de estantería C-3300
Holdings
Estatus retirado Estado de pérdida Estado de daño No para préstamo Colección Biblioteca de origen Biblioteca actual Ubicación en estantería Fecha de adquisición Fuente de adquisición Total de préstamos Signatura topográfica completa Código de barras Visto por última vez Precio de reemplazo Tipo de ítem Koha
        Libros del s. XIX Biblioteca del Ateneo de Madrid Biblioteca del Ateneo de Madrid Sala Pardo Bazán 17/01/2008     B-2556 1071888 23/02/2023 23/02/2023 Libro impreso antiguo
        Libros del s. XIX Biblioteca del Ateneo de Madrid Biblioteca del Ateneo de Madrid Sala Palomar 17/01/2008     C-3300 1071889 23/02/2023 23/02/2023 Libro impreso antiguo